[Event "Hoogeveen Essent op"]
[Site "Hoogeveen"]
[Date "2008.10.23"]
[Round "7"]
[White "Rooda, Kai P"]
[Black "Goudriaan, Etienne"]
[Result "1/2-1/2"]
[WhiteElo "2141"]
[BlackElo "2088"]
[PlyCount "115"]
[EventDate "2008.10.17"]
[EventType "swiss"]
[EventRounds "9"]
[EventCountry "NED"]
[SourceTitle "CBM 126 Extra"]
[Source "ChessBase"]
[SourceDate "2008.11.05"]
[SourceVersion "1"]
[SourceVersionDate "2008.11.05"]
[SourceQuality "1"]

1. d4 Nf6 2. Nf3 g6 3. c4 Bg7 4. Nc3 0-0 5. e4 d6 6. Be2 e5 7. dxe5 dxe5 8. 0-0 Na6 9. Qc2 c6 10. Be3 Qe7 11. Rad1 Bg4 12. a3 Bxf3 13. Bxf3 Nc5 14. b4 Ne6 15. c5 Rfd8 16. Ne2 Ne8 17. Qc4 N8c7 18. a4 Ng5 19. Bg4 h5 20. Bxg5 Qxg5 21. Bf3 Ne6 22. Qc2 Bf8 23. a5 a6 24. Rxd8 Rxd8 25. Rd1 Bh6 26. Nc3 Rd2 27. Rxd2 Qxd2 28. Qxd2 Bxd2 29. Na2 Nd4 30. Bd1 Nb5 31. g4 h4 32. g5 Nd4 33. Bg4 Ne6 34. Kg2 Bxg5 35. Kf1 Kg7 36. h3 Kf6 37. Ke2 Bf4 38. Nc3 Kg5 39. Bxe6 fxe6 40. Na2 Kh5 41. Kd1 g5 42. f3 Be3 43. Nc3 g4 44. fxg4+ Kg5 45. Ne2 Kg6 46. Kc2 Kg5 47. Kd3 Bf2 48. Kd2 Bd4 49. Kc2 Bf2 50. Nc1 Be3 51. Nd3 Bd4 52. Kd2 Ba1 53. Kc2 Bd4 54. Ne1 Kf4 55. Ng2+ Kg5 56. Kd3 Bf2 57. Ke2 Bd4 58. Kd3 1/2-1/2

[Event "Hoogeveen Essent op"]
[Site "Hoogeveen"]
[Date "2008.10.19"]
[Round "3"]
[White "Rooda, Kai P"]
[Black "Van Eijk, Sander"]
[Result "0-1"]
[WhiteElo "2141"]
[BlackElo "2366"]
[PlyCount "52"]
[EventDate "2008.10.17"]
[EventType "swiss"]
[EventRounds "9"]
[EventCountry "NED"]
[SourceTitle "CBM 126 Extra"]
[Source "ChessBase"]
[SourceDate "2008.11.05"]
[SourceVersion "1"]
[SourceVersionDate "2008.11.05"]
[SourceQuality "1"]

1. d4 Nf6 2. Nf3 e6 3. c4 c5 4. Nc3 cxd4 5. Nxd4 a6 6. e4 Bb4 7. f3 0-0 8. Be3 Nc6 9. Nc2 Bxc3+ 10. bxc3 d5 11. exd5 exd5 12. Be2 Bf5 13. Nd4 Nxd4 14. Bxd4 Rc8 15. cxd5 Nxd5 16. Qd2 Re8 17. 0-0 Nxc3 18. Bxa6 Nb1 19. Raxb1 Bxb1 20. Bxb7 Rc2 21. Qb4 Bxa2 22. Ba1 Bc4 23. Rb1 Qg5 24. f4 Qxf4 25. Bf3 Qe3+ 26. Kh1 Rc1+ 0-1

[Event "Hoogeveen Essent op"]
[Site "Hoogeveen"]
[Date "2007.10.20"]
[Round "9"]
[White "Rooda, Kai P"]
[Black "Van der Leest, Bert"]
[Result "1/2-1/2"]
[WhiteElo "2146"]
[BlackElo "2199"]
[PlyCount "138"]
[EventDate "2007.10.12"]
[EventType "swiss"]
[EventRounds "9"]
[EventCountry "NED"]
[SourceTitle "CBM 120 Extra"]
[Source "ChessBase"]
[SourceDate "2007.11.01"]
[SourceVersion "1"]
[SourceVersionDate "2007.11.01"]
[SourceQuality "1"]

1. d4 Nf6 2. Nf3 g6 3. c4 c5 4. Nc3 cxd4 5. Nxd4 Bg7 6. e4 d6 7. Be2 0-0 8. 0-0 Na6 9. Be3 Nc5 10. f3 a5 11. Qd2 a4 12. Rac1 Bd7 13. Rfd1 Qa5 14. Kh1 Rfc8 15. Nc2 Bc6 16. Na3 Nfd7 17. h3 Ne6 18. Rc2 g5 19. Qc1 Qe5 20. Bf1 Qf6 21. Nd5 Bxd5 22. exd5 Nf4 23. Qd2 Ne5 24. Qf2 h5 25. g3 Nfg6 26. f4 gxf4 27. gxf4 Nd7 28. Kh2 Bh6 29. Rd4 Nc5 30. Be2 Qf5 31. Qf3 e5 32. dxe6 Nxe6 33. Rxd6 b5 34. Bd3 Bxf4+ 35. Bxf4 Qxf4+ 36. Qxf4 Ngxf4 37. Bf5 bxc4 38. Rxc4 Rxc4 39. Nxc4 Rc8 40. Bxe6 Nxe6 41. b3 axb3 42. axb3 Rc5 43. Kg3 Rb5 44. Rb6 Rd5 45. Kh4 Kg7 46. Rd6 Rb5 47. Rd3 Nf4 48. Rf3 Ng6+ 49. Kg3 Rb4 50. Kf2 f6 51. Ke2 Ne5 52. Nxe5 fxe5 53. Kd2 Rb7 54. Kc3 Kg6 55. h4 e4 56. Rf4 Re7 57. Kd2 Rb7 58. Kc3 Re7 59. Rf1 Rc7+ 60. Kd4 Rb7 61. Kc4 Rc7+ 62. Kd5 Rb7 63. Kc4 Rc7+ 64. Kd4 Rb7 65. Kc3 Rc7+ 66. Kb2 Rb7 67. Rf2 Re7 68. Kc2 Rc7+ 69. Kd1 Rb7 1/2-1/2

[Event "Hoogeveen Essent op"]
[Site "Hoogeveen"]
[Date "2007.10.14"]
[Round "3"]
[White "Rooda, Kai P"]
[Black "Grooten, Herman"]
[Result "0-1"]
[WhiteElo "2146"]
[BlackElo "2350"]
[PlyCount "74"]
[EventDate "2007.10.12"]
[EventType "swiss"]
[EventRounds "9"]
[EventCountry "NED"]
[SourceTitle "CBM 120 Extra"]
[Source "ChessBase"]
[SourceDate "2007.11.01"]
[SourceVersion "1"]
[SourceVersionDate "2007.11.01"]
[SourceQuality "1"]

1. Nf3 Nf6 2. c4 b6 3. g3 c5 4. Bg2 Bb7 5. 0-0 g6 6. b3 Bg7 7. Bb2 0-0 8. e3 d6 9. d4 e6 10. Qe2 Nbd7 11. Rd1 Qc7 12. Nc3 a6 13. Rac1 Rac8 14. Nh4 cxd4 15. exd4 Bh6 16. f4 Bxg2 17. Nxg2 Rfe8 18. Qf3 Qb8 19. g4 Bg7 20. a4 Qa8 21. Qxa8 Rxa8 22. h3 Red8 23. Ba3 Bf8 24. Ne3 Rac8 25. Kg2 Nb8 26. Kf3 Nc6 27. d5 Na5 28. Rb1 e5 29. fxe5 dxe5 30. Bxf8 Kxf8 31. Ne4 Ne8 32. d6 Rc6 33. d7 Nc7 34. Rd3 Ne6 35. Nc2 f5 36. Nb4 fxe4+ 37. Kxe4 Nc5+ 0-1

[Event "Hoogeveen Essent op"]
[Site "Hoogeveen"]
[Date "2007.10.12"]
[Round "1"]
[White "Rooda, Kai P"]
[Black "Fayard, Alain"]
[Result "1-0"]
[WhiteElo "2146"]
[BlackElo "2360"]
[PlyCount "157"]
[EventDate "2007.10.12"]
[EventType "swiss"]
[EventRounds "9"]
[EventCountry "NED"]
[SourceTitle "CBM 120 Extra"]
[Source "ChessBase"]
[SourceDate "2007.11.01"]
[SourceVersion "1"]
[SourceVersionDate "2007.11.01"]
[SourceQuality "1"]

1. d4 Nf6 2. Nf3 e6 3. c4 Bb4+ 4. Bd2 a5 5. Nc3 b6 6. e3 Bb7 7. Bd3 0-0 8. Qc2 d5 9. 0-0 Nbd7 10. cxd5 exd5 11. a3 Be7 12. Ne5 c5 13. Rfe1 c4 14. Nxd7 Qxd7 15. Bf5 Qc7 16. Qd1 g6 17. Bc2 Bc6 18. a4 Bb4 19. Qf3 Kg7 20. Qh3 Rfe8 21. Qh4 h5 22. f3 Rad8 23. Re2 Be7 24. Qe1 Bd6 25. g3 Bb4 26. Nd1 Qd6 27. Bc3 Nh7 28. Kg2 Bd7 29. Nf2 Ng5 30. h4 Ne6 31. e4 f6 32. e5 Qf8 33. Rd1 f5 34. f4 b5 35. axb5 Bxb5 36. Nh3 Rb8 37. Qd2 Rb7 38. Ra1 Reb8 39. Ba4 Bxa4 40. Rxa4 Qe8 41. Ra2 Qb5 42. Ng5 Qb6 43. Re1 Qc6 44. Rea1 Nc5 45. dxc5 d4+ 46. Kh3 dxc3 47. bxc3 Bxc5 48. Rxa5 Kh6 49. Ra6 Rb6 50. Ra7 R6b7 51. Rxb7 Rxb7 52. Rd1 Kg7 53. Qd5 Qxd5 54. Rxd5 Be7 55. Rd4 Bxg5 56. hxg5 Rb2 57. Rxc4 Rc2 58. Rc7+ Kf8 59. c4 Kg8 60. e6 Re2 61. Rc8+ Kg7 62. Re8 Rc2 63. Re7+ Kg8 64. Rc7 Re2 65. Rc8+ Kg7 66. Rc6 Kf8 67. c5 Kg7 68. Rc7+ Kf8 69. Rf7+ Kg8 70. c6 Rxe6 71. Rf6 Re2 72. Rxg6+ Kh7 73. Rf6 Rc2 74. Rxf5 Rxc6 75. Rf6 Rc1 76. Rh6+ Kg7 77. Rxh5 Kg6 78. Kg4 Rc4 79. Rh6+ 1-0

[Event "Hoogeveen Essent op"]
[Site "Hoogeveen"]
[Date "2005.10.29"]
[Round "9"]
[White "Doggers, Peter"]
[Black "Rooda, Kai P"]
[Result "1/2-1/2"]
[WhiteElo "2239"]
[BlackElo "2132"]
[PlyCount "105"]
[EventDate "2005.10.21"]
[EventType "swiss"]
[EventRounds "9"]
[EventCountry "NED"]
[SourceTitle "EXT 2006"]
[Source "ChessBase"]
[SourceDate "2005.11.24"]
[SourceVersion "1"]
[SourceVersionDate "2005.11.24"]
[SourceQuality "1"]

1. e4 e5 2. Nf3 Nc6 3. Bb5 a6 4. Ba4 Nf6 5. 0-0 Be7 6. Bxc6 dxc6 7. Qe1 Nd7 8. b3 c5 9. Bb2 Bf6 10. a4 0-0 11. Na3 Qe7 12. Nc4 b6 13. d3 g6 14. Qe2 Bb7 15. Rae1 b5 16. axb5 axb5 17. Ne3 Ra2 18. Ra1 Rfa8 19. Rxa2 Rxa2 20. Ra1 Rxa1+ 21. Bxa1 Qd6 22. Bb2 Bg7 23. Qe1 f6 24. Qa5 Qb6 25. Qa2 Kh8 26. Nd2 c6 27. g3 Qa6 28. Qxa6 Bxa6 29. Kf1 Kg8 30. Ke2 Kf7 31. f4 exf4 32. gxf4 Nf8 33. f5 Bc8 34. Ba3 Nd7 35. Bb2 Bh6 36. Nf3 Bf4 37. h3 Nb6 38. Ng4 gxf5 39. Nxf6 h6 40. h4 Bd6 41. exf5 Bxf5 42. Ne4 Bxe4 43. dxe4 Ke6 44. h5 Bf4 45. Bg7 Nd7 46. c4 Kf7 47. Bb2 Ke6 48. Kd3 Nb6 49. Bg7 Kf7 50. Bc3 Ke6 51. Ba5 Nd7 52. Bc3 Nb6 53. Bb2 1/2-1/2

[Event "Hoogeveen Essent op"]
[Site "Hoogeveen"]
[Date "2005.10.28"]
[Round "8"]
[White "Rooda, Kai P"]
[Black "De Jong, Migchiel"]
[Result "1/2-1/2"]
[WhiteElo "2132"]
[BlackElo "2277"]
[PlyCount "58"]
[EventDate "2005.10.21"]
[EventType "swiss"]
[EventRounds "9"]
[EventCountry "NED"]
[SourceTitle "EXT 2006"]
[Source "ChessBase"]
[SourceDate "2005.11.24"]
[SourceVersion "1"]
[SourceVersionDate "2005.11.24"]
[SourceQuality "1"]

1. d4 Nf6 2. Nf3 d5 3. c4 e6 4. Nc3 c5 5. cxd5 Nxd5 6. e4 Nxc3 7. bxc3 cxd4 8. cxd4 Nc6 9. Bd3 Bb4+ 10. Bd2 Bxd2+ 11. Qxd2 0-0 12. Bc2 Qa5 13. Qxa5 Nxa5 14. 0-0 Bd7 15. Bd3 Rfc8 16. Rac1 f6 17. Rfd1 b5 18. Kf1 a6 19. Ke1 Kf7 20. Kd2 g5 21. Rxc8 Rxc8 22. Rc1 Rxc1 23. Kxc1 Nc6 24. g4 e5 25. d5 Nb4 26. Be2 Nxa2+ 27. Kb2 Nb4 28. Nd2 Ke7 29. Nb3 a5 1/2-1/2

[Event "Hoogeveen Essent op"]
[Site "Hoogeveen"]
[Date "2005.10.21"]
[Round "1"]
[White "Spoelman, Wouter"]
[Black "Rooda, Kai P"]
[Result "1-0"]
[WhiteElo "2362"]
[BlackElo "2132"]
[PlyCount "67"]
[EventDate "2005.10.21"]
[EventType "swiss"]
[EventRounds "9"]
[EventCountry "NED"]
[SourceTitle "EXT 2006"]
[Source "ChessBase"]
[SourceDate "2005.11.24"]
[SourceVersion "1"]
[SourceVersionDate "2005.11.24"]
[SourceQuality "1"]

1. e4 Nc6 2. Nf3 d6 3. d4 Nf6 4. Nc3 Bg4 5. d5 Bxf3 6. Qxf3 Ne5 7. Qe2 Qd7 8. f4 Ng6 9. g3 c6 10. Be3 e5 11. dxe6 fxe6 12. 0-0-0 Qf7 13. Bh3 Be7 14. e5 Nd5 15. Nxd5 exd5 16. e6 Qf8 17. Qh5 Kd8 18. c4 Bf6 19. cxd5 c5 20. Bxc5 Ke7 21. Ba3 b5 22. Kb1 Qb8 23. b3 Qb6 24. Rhe1 Rac8 25. Bb2 Rc3 26. f5 Rhc8 27. fxg6 h6 28. Qe2 Qc5 29. Bf5 Ke8 30. e7 Be5 31. Bxc8 Qxc8 32. Qxb5+ Kxe7 33. Rxe5+ dxe5 34. Bxc3 1-0

[Event "Hoogeveen Essent op"]
[Site "Hoogeveen"]
[Date "2004.10.18"]
[Round "4"]
[White "Wempe, Joost"]
[Black "Rooda, Kai P"]
[Result "1-0"]
[WhiteElo "2263"]
[BlackElo "2165"]
[PlyCount "67"]
[EventDate "2004.10.15"]
[EventType "swiss"]
[EventRounds "9"]
[EventCountry "NED"]
[SourceTitle "CBM 102 Extra"]
[Source "ChessBase"]
[SourceDate "2004.11.03"]
[SourceVersion "1"]
[SourceVersionDate "2004.11.03"]
[SourceQuality "1"]

1. d4 Nc6 2. e4 d5 3. Nc3 Nf6 4. e5 Nd7 5. Nxd5 Ndb8 6. Nc3 Qxd4 7. Be3 Qxe5 8. Nf3 Qa5 9. Be2 Bf5 10. a3 e6 11. 0-0 Bg6 12. Bb5 a6 13. b4 Bxb4 14. axb4 Qxb4 15. Qd4 0-0 16. Qc5 Rd8 17. Ba4 Qxc5 18. Bxc5 Nd7 19. Be3 b5 20. Bb3 Nb4 21. Na2 Nd5 22. Bxd5 exd5 23. Nb4 c5 24. Nxd5 Bxc2 25. Rfc1 Be4 26. Nc7 Rac8 27. Nxa6 c4 28. Nd4 Bc6 29. Nb4 Ne5 30. f4 Ng4 31. Nbxc6 Nxe3 32. Nxd8 b4 33. N8c6 b3 34. Nxb3 1-0

[Event "Hoogeveen Essent op"]
[Site "Hoogeveen"]
[Date "2004.10.15"]
[Round "1"]
[White "Rooda, Kai P"]
[Black "Spoelman, Wouter"]
[Result "0-1"]
[WhiteElo "2165"]
[BlackElo "2357"]
[PlyCount "82"]
[EventDate "2004.10.15"]
[EventType "swiss"]
[EventRounds "9"]
[EventCountry "NED"]
[SourceTitle "CBM 102 Extra"]
[Source "ChessBase"]
[SourceDate "2004.11.03"]
[SourceVersion "1"]
[SourceVersionDate "2004.11.03"]
[SourceQuality "1"]

1. d4 Nf6 2. Nf3 e6 3. c4 b6 4. Nc3 Bb4 5. e3 Bb7 6. Bd3 Ne4 7. Qc2 f5 8. 0-0 Bxc3 9. bxc3 d6 10. Nd2 Nxd2 11. Bxd2 0-0 12. f3 Nd7 13. Rae1 Nf6 14. e4 fxe4 15. fxe4 e5 16. Bg5 c5 17. d5 h6 18. Bh4 g5 19. Bg3 Nh5 20. Rxf8+ Qxf8 21. Rf1 Qg7 22. Bf2 Nf4 23. Be3 Nxd3 24. Qxd3 Rf8 25. Re1 Ba6 26. Rb1 Qd7 27. h4 gxh4 28. Bxh6 Rf6 29. Bc1 Qg4 30. Rb2 Qg3 31. Qxg3+ hxg3 32. Bg5 Rg6 33. Bd8 Bxc4 34. a4 Rg4 35. a5 Rxe4 36. Rb1 bxa5 37. Bxa5 Re2 38. Bc7 Bxd5 39. Bxd6 Rxg2+ 40. Kf1 Rh2 41. Bxc5 g2+ 0-1

[Event "Hoogeveen Essent op"]
[Site "Hoogeveen"]
[Date "2001.10.18"]
[Round "7"]
[White "Rooda, Kai P"]
[Black "Span, Paul"]
[Result "0-1"]
[WhiteElo "2176"]
[BlackElo "2223"]
[PlyCount "86"]
[EventDate "2001.10.12"]
[EventType "swiss"]
[EventRounds "9"]
[EventCountry "NED"]
[SourceTitle "CBM 084 Extra"]
[Source "ChessBase"]
[SourceDate "2001.10.26"]
[SourceVersion "1"]
[SourceVersionDate "2001.10.26"]
[SourceQuality "1"]

1. d4 Nf6 2. Nf3 e6 3. c4 b6 4. e3 Bb7 5. Bd3 d5 6. 0-0 Be7 7. Nc3 0-0 8. cxd5 Nxd5 9. Nxd5 Bxd5 10. e4 Bb7 11. Qc2 Nc6 12. a3 Nxd4 13. Nxd4 Qxd4 14. Be3 Qd7 15. e5 g6 16. Rfd1 Bd5 17. Ba6 c5 18. a4 Qc7 19. f4 Rfd8 20. a5 Bb7 21. axb6 axb6 22. Bb5 Bc6 23. Qc4 Rxa1 24. Rxa1 Qd7 25. Bxc6 Qxc6 26. Ra6 Ra8 27. Kf2 Qb7 28. Rxa8+ Qxa8 29. Qb5 Qd8 30. Qc6 h5 31. g3 h4 32. gxh4 Bxh4+ 33. Ke2 Kg7 34. b4 cxb4 35. Qxb6 Qxb6 36. Bxb6 Be7 37. Kd3 Kh6 38. h3 Kh5 39. Bf2 Bh4 40. Bc5 b3 41. Kc3 Bg3 42. Kxb3 Bxf4 43. Bd4 Kg5 0-1

[Event "Hoogeveen Essent op"]
[Site "Hoogeveen"]
[Date "2001.10.12"]
[Round "1"]
[White "Rooda, Kai P"]
[Black "Van der Weide, Karel"]
[Result "1/2-1/2"]
[WhiteElo "2176"]
[BlackElo "2457"]
[PlyCount "77"]
[EventDate "2001.10.12"]
[EventType "swiss"]
[EventRounds "9"]
[EventCountry "NED"]
[SourceTitle "CBM 084 Extra"]
[Source "ChessBase"]
[SourceDate "2001.10.26"]
[SourceVersion "1"]
[SourceVersionDate "2001.10.26"]
[SourceQuality "1"]

1. d4 c5 2. Nf3 cxd4 3. Nxd4 Nf6 4. c4 Nc6 5. Nc3 g6 6. e4 d6 7. Be2 Nxd4 8. Qxd4 Bg7 9. Be3 0-0 10. Qd2 Be6 11. 0-0 Qa5 12. Rac1 a6 13. f3 Rfc8 14. b3 b5 15. Nd5 Qxd2 16. Bxd2 Nxd5 17. cxd5 Bd4+ 18. Kh1 Bd7 19. Rxc8+ Rxc8 20. Rc1 Rxc1+ 21. Bxc1 f5 22. h3 Kf7 23. Bg5 Be5 24. Kg1 f4 25. Kf2 Bd4+ 26. Ke1 Be3 27. Bd3 e6 28. dxe6+ Kxe6 29. Ke2 Ke5 30. Bh6 Kd4 31. Bg7+ Kc5 32. Bc3 Be6 33. h4 b4 34. Bf6 a5 35. Bg5 a4 36. Bc2 Kd4 37. Bf6+ Kc5 38. Bg5 Kd4 39. Bf6+ 1/2-1/2

[Event "Hoogeveen Essent op"]
[Site "Hoogeveen"]
[Date "2000.10.19"]
[Round "7"]
[White "Rooda, Kai P"]
[Black "Van Kooten, Luuk"]
[Result "0-1"]
[WhiteElo "2202"]
[BlackElo "2292"]
[PlyCount "106"]
[EventDate "2000.10.13"]
[EventType "swiss"]
[EventRounds "9"]
[EventCountry "NED"]
[SourceTitle "CBM 078 Extra"]
[Source "ChessBase"]
[SourceDate "2000.11.10"]
[SourceVersion "1"]
[SourceVersionDate "2000.11.10"]
[SourceQuality "1"]

1. d4 Nf6 2. Nf3 d5 3. c4 c6 4. cxd5 cxd5 5. Nc3 Nc6 6. Bf4 a6 7. e3 Bg4 8. Be2 e6 9. 0-0 Bd6 10. Bxd6 Qxd6 11. Rc1 0-0 12. h3 Bh5 13. Ne1 Bxe2 14. Qxe2 e5 15. dxe5 Nxe5 16. Nf3 Rac8 17. Rfd1 Rfd8 18. Nxe5 Qxe5 19. Qd2 Kf8 20. Ne2 Qd6 21. Qd4 Rxc1 22. Rxc1 Rd7 23. Rc8+ Rd8 24. Qc3 Ke7 25. Nd4 g6 26. a3 Rxc8 27. Qxc8 Qd7 28. Qc2 Qd6 29. Qd3 Qc5 30. Ne2 Qc4 31. Qd1 Ne4 32. Nd4 Nf6 33. f3 b5 34. Kf2 Nd7 35. Ne2 Ne5 36. Nf4 d4 37. Qxd4 Qxd4 38. exd4 Nc4 39. Nd3 Kd6 40. Ke2 a5 41. Ne5 Nxb2 42. Nxf7+ Kd5 43. Ng5 Kxd4 44. Nxh7 Nc4 45. Nf8 Nxa3 46. Nxg6 b4 47. Nf4 b3 48. Nd3 Nc4 49. h4 a4 50. h5 a3 51. h6 Nd6 52. Nc1 Kc3 53. Kd1 a2 0-1

[Event "Hoogeveen Essent op"]
[Site "Hoogeveen"]
[Date "2000.10.16"]
[Round "4"]
[White "Rooda, Kai P"]
[Black "De Weerd, Warner"]
[Result "0-1"]
[WhiteElo "2202"]
[BlackElo "2071"]
[PlyCount "54"]
[EventDate "2000.10.13"]
[EventType "swiss"]
[EventRounds "9"]
[EventCountry "NED"]
[SourceTitle "CBM 078 Extra"]
[Source "ChessBase"]
[SourceDate "2000.11.10"]
[SourceVersion "1"]
[SourceVersionDate "2000.11.10"]
[SourceQuality "1"]

1. d4 Nf6 2. Nf3 g6 3. c4 Bg7 4. Nc3 d6 5. e4 0-0 6. Be2 Na6 7. 0-0 c5 8. Qc2 Nb4 9. Qb3 cxd4 10. Nxd4 a5 11. Rd1 Nd7 12. Na4 b6 13. Be3 Nc5 14. Nxc5 bxc5 15. Nb5 a4 16. Qa3 Nc2 17. Qd3 Nxa1 18. Qb1 Bd7 19. Qxa1 a3 20. Nc3 Qa5 21. Bd2 axb2 22. Qxb2 Bxc3 23. Qxc3 Qxc3 24. Bxc3 Rxa2 25. Bf3 Rc2 26. Bd2 Rxc4 27. e5 Rd4 0-1

[Event "Hoogeveen Essent op"]
[Site "Hoogeveen"]
[Date "2000.10.15"]
[Round "3"]
[White "Vogel, Jaap"]
[Black "Rooda, Kai P"]
[Result "1/2-1/2"]
[WhiteElo "2272"]
[BlackElo "2202"]
[PlyCount "55"]
[EventDate "2000.10.13"]
[EventType "swiss"]
[EventRounds "9"]
[EventCountry "NED"]
[SourceTitle "CBM 078 Extra"]
[Source "ChessBase"]
[SourceDate "2000.11.10"]
[SourceVersion "1"]
[SourceVersionDate "2000.11.10"]
[SourceQuality "1"]

1. Nf3 d5 2. g3 Bg4 3. Bg2 c6 4. b3 Nf6 5. Bb2 Nbd7 6. c4 e6 7. 0-0 Be7 8. d3 0-0 9. Nbd2 a5 10. a3 Bd6 11. Qc2 e5 12. e4 d4 13. h3 Bxf3 14. Nxf3 c5 15. Bc1 Nh5 16. Bd2 Qe7 17. Nh2 Nb8 18. Bf3 Nf6 19. Be2 Nc6 20. f4 exf4 21. gxf4 Nd7 22. Kh1 f5 23. e5 Bc7 24. Bf3 Kh8 25. Bxc6 bxc6 26. Nf3 h6 27. Rae1 Rfe8 28. Rg1 1/2-1/2